000 00728 a2200229 4500
005 20251211110615.0
008 251211b |||||||| |||| 00| 0 eng d
020 _a9788119324439 (hbk)
037 _cTB
040 _aAL
_cAL
041 _2eng
_aeng
084 _aW:5 R5
_qAL
100 _aBajwa, Sewa Singh
_9847022
245 _aBroadenning horizons of human rights
260 _aNew Delhi, India:
_bVaibhav Publications,
_c2024.
300 _av, 226p.
365 _b995.00
_cINR
650 _aPolitical Science
_9855831
650 _aHuman Right
_9855832
942 _cTB
_2CC
_n0
_hW:5 R5
999 _c1464338
_d1464338